| 000 | 00350nam a2200145 a 4500 | ||
|---|---|---|---|
| 008 | 971202s1964||||xx 0 und c | ||
| 040 |
_aSNK _bslo _cSNK _eAACR2 |
||
| 100 | 1 | _aBlažková, Jaroslava | |
| 245 | 1 | 0 | _aJahniatko a Grandi |
| 260 |
_aBratislava _bMladé letá _c1964 |
||
| 300 | _a231 s. | ||
| 044 |
_axo _cSK |
||
| 020 | _c15 | ||
| 041 | _aslo | ||
| 999 |
_c12001 _d12001 |
||